The canning trade.

Bibliographic Details
New Title:Food production management
Previous Title:Canned goods trade
Format: Journal
Language:English
Published: Baltimore, Md : Trade Co.
Subjects:

MARC

Tag First Indicator Second Indicator Subfields
LEADER 00000cas a2200000 a 4500
001 in00000050794
008 830926d19121971mduwr p 0 0eng d
005 20250724144703.2
019 |a 8649823 
035 |a (OCoLC)ocm09950137 
035 |a (OCoLC)9950137  |z (OCoLC)8649823 
035 |a (OCoLC)ocm09950137 
040 |a CRL  |b eng  |c CRL  |d OCL  |d NSD  |d OCL  |d DLC  |d NSD  |d SMI  |d OCL  |d OCLCQ  |d UMC  |d OCLCQ  |d AGL  |d OCLCF  |d OCLCO  |d OCLCQ  |d OCLCO  |d OCLCL  |d OCLCQ  |d OCLCL 
043 |a n-us--- 
050 4 |a TX599  |b .T7 
245 0 4 |a The canning trade. 
264 1 |a Baltimore, Md :  |b Trade Co. 
300 |a volumes :  |b illustrations ;  |c 27- 29 cm 
310 |a Weekly 
336 |a text  |b txt  |2 rdacontent 
337 |a unmediated  |b n  |2 rdamedia 
338 |a volume  |b nc  |2 rdacarrier 
362 1 |a Began in Apr. 1912; ceased in June 1971. 
500 |a "The canned food authority of the world." 
515 |a Vol. 37 and 49 repeated in numbering. 
515 |a Vol. 36, no. 32-v. 42, no. 52 also called no. 1852nd-2185th issue. 
580 |a The Almanac of the canning industry issued as a supplement to v. 57-62 (1934/35-39/40); Canning trade almanac issued as pt. 2 of a regular issue of the journal, v. 63- (1940/41-1957). 
588 0 |a Vol. 37, no. 1 (Sept. 1, 1913); title from cover. 
588 1 |a Vol. 72, no. 26 (Jan. 16, 1950). 
650 0 |a Canned foods industry  |z United States  |v Periodicals. 
650 7 |a Canned foods industry.  |2 fast  |0 (OCoLC)fst00845776 
651 7 |a United States.  |2 fast  |0 (OCoLC)fst01204155  |1 https://id.oclc.org/worldcat/entity/E39PBJtxgQXMWqmjMjjwXRHgrq 
655 7 |a Periodicals.  |2 fast  |0 (OCoLC)fst01411641 
770 1 |t Almanac of the canning industry  |w (OCoLC)8933788 
776 0 8 |i Online version:  |t Canning trade  |w (OCoLC)1340010489 
780 0 0 |t Canned goods trade  |w (DLC) 2008251136  |w (OCoLC)243776655 
785 0 0 |t Food production management  |x 0191-6181  |w (DLC) 85642420  |w (OCoLC)1569654 
787 1 |t Canning trade almanac  |w (OCoLC)7500025 
948 |h HELD BY TXA - 34 OTHER HOLDINGS 
994 |a Z0  |b TXA 
999 f f |s a0664a10-cbe3-3704-b521-62cfeac71b5f  |i 02a40728-6734-31a0-bb8f-584420d451e3  |t 0 
952 f f |p ric  |a Texas A&M University  |b Rellis Campus  |c Joint Library Facility  |d Remote Storage  |t 0  |e TX599 .T7  |h Library of Congress classification  |i unmediated -- volume  |k v.93:no.27-52  |l 1971:Jan.-June  |m A14841579439 
952 f f |p ric  |a Texas A&M University  |b Rellis Campus  |c Joint Library Facility  |d Remote Storage  |t 0  |e TX599 .T7  |h Library of Congress classification  |i unmediated -- volume  |k v.83:no.27-52  |l 1961:Jan.-July  |m A14841577576 
952 f f |p ric  |a Texas A&M University  |b Rellis Campus  |c Joint Library Facility  |d Remote Storage  |t 0  |e TX599 .T7  |h Library of Congress classification  |i unmediated -- volume  |k v.56:no.33-52  |l 1934:Mar.-Aug.  |m A14834254573 
952 f f |p ric  |a Texas A&M University  |b Rellis Campus  |c Joint Library Facility  |d Remote Storage  |t 0  |e TX599 .T7  |h Library of Congress classification  |i unmediated -- volume  |k v.53:no.33-52  |l 1931:MAr.-Aug.  |m A14834254191 
952 f f |p ric  |a Texas A&M University  |b Rellis Campus  |c Joint Library Facility  |d Remote Storage  |t 0  |e TX599 .T7  |h Library of Congress classification  |i unmediated -- volume  |k v.61:no.1-20  |l 1938:Aug.-Dec.  |m A14841577843 
952 f f |p ric  |a Texas A&M University  |b Rellis Campus  |c Joint Library Facility  |d Remote Storage  |t 0  |e TX599 .T7  |h Library of Congress classification  |i unmediated -- volume  |k v.85  |l 1962/1963  |m A14841577495 
952 f f |p ric  |a Texas A&M University  |b Rellis Campus  |c Joint Library Facility  |d Remote Storage  |t 0  |e TX599 .T7  |h Library of Congress classification  |i unmediated -- volume  |k v.77:no.27-52  |l 1955:Jan.-July  |m A14841579269 
952 f f |p ric  |a Texas A&M University  |b Rellis Campus  |c Joint Library Facility  |d Remote Storage  |t 0  |e TX599 .T7  |h Library of Congress classification  |i unmediated -- volume  |k v.67:no.1-26  |l 1944:July-1945:Jan.  |m A14841577542 
952 f f |p ric  |a Texas A&M University  |b Rellis Campus  |c Joint Library Facility  |d Remote Storage  |t 0  |e TX599 .T7  |h Library of Congress classification  |i unmediated -- volume  |k v.63:no.35-52  |l 1941:Mar.-July  |m A14841577526 
952 f f |p ric  |a Texas A&M University  |b Rellis Campus  |c Joint Library Facility  |d Remote Storage  |t 0  |e TX599 .T7  |h Library of Congress classification  |i unmediated -- volume  |k v.58:no.21-33  |l 1935:Dec.-1936:MAr.  |m A14834254379 
952 f f |p ric  |a Texas A&M University  |b Rellis Campus  |c Joint Library Facility  |d Remote Storage  |t 0  |e TX599 .T7  |h Library of Congress classification  |i unmediated -- volume  |k v.59:no.1-20  |l 1936:Aug.-Dec.  |m A14841578085 
952 f f |p ric  |a Texas A&M University  |b Rellis Campus  |c Joint Library Facility  |d Remote Storage  |t 0  |e TX599 .T7  |h Library of Congress classification  |i unmediated -- volume  |k v.79:no.1-26  |l 1956:July-1957:Jan.  |m A14841577932 
952 f f |p ric  |a Texas A&M University  |b Rellis Campus  |c Joint Library Facility  |d Remote Storage  |t 0  |e TX599 .T7  |h Library of Congress classification  |i unmediated -- volume  |k v.79:no.27-52  |l 1967:Jan.-July  |m A14841577893 
952 f f |p ric  |a Texas A&M University  |b Rellis Campus  |c Joint Library Facility  |d Remote Storage  |t 0  |e TX599 .T7  |h Library of Congress classification  |i unmediated -- volume  |k v.56:no.20-32  |l 1933:Dec.-1934:Mar.  |m A14834254612 
952 f f |p ric  |a Texas A&M University  |b Rellis Campus  |c Joint Library Facility  |d Remote Storage  |t 0  |e TX599 .T7  |h Library of Congress classification  |i unmediated -- volume  |k v.62:no.1-20  |l 1939:Aug.-Dec.  |m A14841577762 
952 f f |p ric  |a Texas A&M University  |b Rellis Campus  |c Joint Library Facility  |d Remote Storage  |t 0  |e TX599 .T7  |h Library of Congress classification  |i unmediated -- volume  |k v.68:no.1-26  |l 1945:July-1946:Jan.  |m A14841577461 
952 f f |p ric  |a Texas A&M University  |b Rellis Campus  |c Joint Library Facility  |d Remote Storage  |t 0  |e TX599 .T7  |h Library of Congress classification  |i unmediated -- volume  |k v.68:no.27-52  |l 1946:Jan.-July  |m A14841577429 
952 f f |p ric  |a Texas A&M University  |b Rellis Campus  |c Joint Library Facility  |d Remote Storage  |t 0  |e TX599 .T7  |h Library of Congress classification  |i unmediated -- volume  |k v.56:no.1-19  |l 1933:Aug.-Dec.  |m A14834254036 
952 f f |p ric  |a Texas A&M University  |b Rellis Campus  |c Joint Library Facility  |d Remote Storage  |t 0  |e TX599 .T7  |h Library of Congress classification  |i unmediated -- volume  |k v.90:no.27-52  |l 1968:Jan.-June  |m A14841579196 
952 f f |p ric  |a Texas A&M University  |b Rellis Campus  |c Joint Library Facility  |d Remote Storage  |t 0  |e TX599 .T7  |h Library of Congress classification  |i unmediated -- volume  |k v.59:no.21-33  |l 1936:Dec.-1937:Mar.  |m A14841578043 
952 f f |p ric  |a Texas A&M University  |b Rellis Campus  |c Joint Library Facility  |d Remote Storage  |t 0  |e TX599 .T7  |h Library of Congress classification  |i unmediated -- volume  |k v.61:no.21-33  |l 1938:Dec.-1939:Mar.  |m A14841577801 
952 f f |p ric  |a Texas A&M University  |b Rellis Campus  |c Joint Library Facility  |d Remote Storage  |t 0  |e TX599 .T7  |h Library of Congress classification  |i unmediated -- volume  |k v.63:no.1-21  |l 1940:Aug.-Dec.  |m A14841577607 
952 f f |p ric  |a Texas A&M University  |b Rellis Campus  |c Joint Library Facility  |d Remote Storage  |t 0  |e TX599 .T7  |h Library of Congress classification  |i unmediated -- volume  |k v.57:no.1-20  |l 1934:Aug.-Dec.  |m A14834254531 
952 f f |p ric  |a Texas A&M University  |b Rellis Campus  |c Joint Library Facility  |d Remote Storage  |t 0  |e TX599 .T7  |h Library of Congress classification  |i unmediated -- volume  |k v.83:no.1-26  |l 1960:July-1961:Jan.  |m A14841577615 
952 f f |p ric  |a Texas A&M University  |b Rellis Campus  |c Joint Library Facility  |d Remote Storage  |t 0  |e TX599 .T7  |h Library of Congress classification  |i unmediated -- volume  |k v.60:no.34-52  |l 1938:Mar.-Aug.  |m A14841577885 
952 f f |p ric  |a Texas A&M University  |b Rellis Campus  |c Joint Library Facility  |d Remote Storage  |t 0  |e TX599 .T7  |h Library of Congress classification  |i unmediated -- volume  |k v.54:no.33-52  |l 1932:MAr.-Aug.  |m A14834254078 
952 f f |p ric  |a Texas A&M University  |b Rellis Campus  |c Joint Library Facility  |d Remote Storage  |t 0  |e TX599 .T7  |h Library of Congress classification  |i unmediated -- volume  |k v.71:no.1-26  |l 1948:July-1949:Jan.  |m A14841579528 
952 f f |p ric  |a Texas A&M University  |b Rellis Campus  |c Joint Library Facility  |d Remote Storage  |t 0  |e TX599 .T7  |h Library of Congress classification  |i unmediated -- volume  |k v.76:no.1-26  |l 1953:July-1954:Jan.  |m A14841579162 
952 f f |p ric  |a Texas A&M University  |b Rellis Campus  |c Joint Library Facility  |d Remote Storage  |t 0  |e TX599 .T7  |h Library of Congress classification  |i unmediated -- volume  |k v.54:no.1-19  |l 1931:Aug.-Dec.  |m A14834254159 
952 f f |p ric  |a Texas A&M University  |b Rellis Campus  |c Joint Library Facility  |d Remote Storage  |t 0  |e TX599 .T7  |h Library of Congress classification  |i unmediated -- volume  |k v.81:no.1-26  |l 1958:July-1959:Jan.  |m A14841577770 
952 f f |p ric  |a Texas A&M University  |b Rellis Campus  |c Joint Library Facility  |d Remote Storage  |t 0  |e TX599 .T7  |h Library of Congress classification  |i unmediated -- volume  |k v.57:no.33-52  |l 1935:Mar.-Aug.  |m A14834254450 
952 f f |p ric  |a Texas A&M University  |b Rellis Campus  |c Joint Library Facility  |d Remote Storage  |t 0  |e TX599 .T7  |h Library of Congress classification  |i unmediated -- volume  |k v.66:no.1-26  |l 1943:Aug.-1944:Jan.  |m A14841577623 
952 f f |p ric  |a Texas A&M University  |b Rellis Campus  |c Joint Library Facility  |d Remote Storage  |t 0  |e TX599 .T7  |h Library of Congress classification  |i unmediated -- volume  |k v.74:no.27-52  |l 1952:Jan.-July  |m A14841579324 
952 f f |p ric  |a Texas A&M University  |b Rellis Campus  |c Joint Library Facility  |d Remote Storage  |t 0  |e TX599 .T7  |h Library of Congress classification  |i unmediated -- volume  |k v.75:no.1-26  |l 1952:July-1953:Jan.  |m A14841579243 
952 f f |p ric  |a Texas A&M University  |b Rellis Campus  |c Joint Library Facility  |d Remote Storage  |t 0  |e TX599 .T7  |h Library of Congress classification  |i unmediated -- volume  |k v.73:no.1-26  |l 1950:July-1951:Jan.  |m A14841579405 
952 f f |p ric  |a Texas A&M University  |b Rellis Campus  |c Joint Library Facility  |d Remote Storage  |t 0  |e TX599 .T7  |h Library of Congress classification  |i unmediated -- volume  |k v.53:no.1-19  |l 1930:Aug.-Dec.  |m A14834254272 
952 f f |p ric  |a Texas A&M University  |b Rellis Campus  |c Joint Library Facility  |d Remote Storage  |t 0  |e TX599 .T7  |h Library of Congress classification  |i unmediated -- volume  |k v.67:no.27-52  |l 1945:Jan.-July  |m A14841577500 
952 f f |p ric  |a Texas A&M University  |b Rellis Campus  |c Joint Library Facility  |d Remote Storage  |t 0  |e TX599 .T7  |h Library of Congress classification  |i unmediated -- volume  |k v.86  |l 1963:Jan.-June  |m A14841577453 
952 f f |p ric  |a Texas A&M University  |b Rellis Campus  |c Joint Library Facility  |d Remote Storage  |t 0  |e TX599 .T7  |h Library of Congress classification  |i unmediated -- volume  |k v.92:no.1-26  |l 1969:July-1970:Jan.  |m A14841579316 
952 f f |p ric  |a Texas A&M University  |b Rellis Campus  |c Joint Library Facility  |d Remote Storage  |t 0  |e TX599 .T7  |h Library of Congress classification  |i unmediated -- volume  |k v.71:no.27-52  |l 1949:Jan.-July  |m A14841579489 
952 f f |p ric  |a Texas A&M University  |b Rellis Campus  |c Joint Library Facility  |d Remote Storage  |t 0  |e TX599 .T7  |h Library of Congress classification  |i unmediated -- volume  |k v.82:no.1-26  |l 1959:July-1960:Jan.  |m A14841577699 
952 f f |p ric  |a Texas A&M University  |b Rellis Campus  |c Joint Library Facility  |d Remote Storage  |t 0  |e TX599 .T7  |h Library of Congress classification  |i unmediated -- volume  |k v.69:no.27-52  |l 1947:Jan.-July  |m A14841579641 
952 f f |p ric  |a Texas A&M University  |b Rellis Campus  |c Joint Library Facility  |d Remote Storage  |t 0  |e TX599 .T7  |h Library of Congress classification  |i unmediated -- volume  |k v.88  |l 1965/1966  |m A14841577372 
952 f f |p ric  |a Texas A&M University  |b Rellis Campus  |c Joint Library Facility  |d Remote Storage  |t 0  |e TX599 .T7  |h Library of Congress classification  |i unmediated -- volume  |k v.70:no.27-52  |l 1948:Jan.-July  |m A14841579560 
952 f f |p ric  |a Texas A&M University  |b Rellis Campus  |c Joint Library Facility  |d Remote Storage  |t 0  |e TX599 .T7  |h Library of Congress classification  |i unmediated -- volume  |k v.76:no.27-52  |l 1954:Jan.-July  |m A14841579120 
952 f f |p ric  |a Texas A&M University  |b Rellis Campus  |c Joint Library Facility  |d Remote Storage  |t 0  |e TX599 .T7  |h Library of Congress classification  |i unmediated -- volume  |k v.73:no.27-52  |l 1951:Jan.-July  |m A14841579366 
952 f f |p ric  |a Texas A&M University  |b Rellis Campus  |c Joint Library Facility  |d Remote Storage  |t 0  |e TX599 .T7  |h Library of Congress classification  |i unmediated -- volume  |k v.64:no.35-52  |l 1942:Mar.-July  |m A14841577403 
952 f f |p ric  |a Texas A&M University  |b Rellis Campus  |c Joint Library Facility  |d Remote Storage  |t 0  |e TX599 .T7  |h Library of Congress classification  |i unmediated -- volume  |k v.74:no.1-26  |l 1951:July-1952:Jan.  |m A14841579285 
952 f f |p ric  |a Texas A&M University  |b Rellis Campus  |c Joint Library Facility  |d Remote Storage  |t 0  |e TX599 .T7  |h Library of Congress classification  |i unmediated -- volume  |k v.77:no.1-26  |l 1954:July-1955Jan.  |m A14841579081 
952 f f |p ric  |a Texas A&M University  |b Rellis Campus  |c Joint Library Facility  |d Remote Storage  |t 0  |e TX599 .T7  |h Library of Congress classification  |i unmediated -- volume  |k v.59:no.34-52  |l 1937:Mar.-Aug.  |m A14841578001 
952 f f |p ric  |a Texas A&M University  |b Rellis Campus  |c Joint Library Facility  |d Remote Storage  |t 0  |e TX599 .T7  |h Library of Congress classification  |i unmediated -- volume  |k v.57:no.21-32  |l 1934:Dec.-1935:Mar.  |m A14834254492 
952 f f |p ric  |a Texas A&M University  |b Rellis Campus  |c Joint Library Facility  |d Remote Storage  |t 0  |e TX599 .T7  |h Library of Congress classification  |i unmediated -- volume  |k v.90:no.1-26  |l 1967:July-Dec.  |m A14841579154 
952 f f |p ric  |a Texas A&M University  |b Rellis Campus  |c Joint Library Facility  |d Remote Storage  |t 0  |e TX599 .T7  |h Library of Congress classification  |i unmediated -- volume  |k v.60:no.21-33  |l 1937:Dec.-1938:Mar.  |m A14841577924 
952 f f |p ric  |a Texas A&M University  |b Rellis Campus  |c Joint Library Facility  |d Remote Storage  |t 0  |e TX599 .T7  |h Library of Congress classification  |i unmediated -- volume  |k v.91:no.1-26  |l 1968:July-1969:Jan.  |m A14841579235 
952 f f |p ric  |a Texas A&M University  |b Rellis Campus  |c Joint Library Facility  |d Remote Storage  |t 0  |e TX599 .T7  |h Library of Congress classification  |i unmediated -- volume  |k v.69:no.1-26  |l 1946:July-1947:Jan.  |m A14841577380 
952 f f |p ric  |a Texas A&M University  |b Rellis Campus  |c Joint Library Facility  |d Remote Storage  |t 0  |e TX599 .T7  |h Library of Congress classification  |i unmediated -- volume  |k v.78:no.27-52  |l 1956:Jan.-July  |m A14841577974 
952 f f |p ric  |a Texas A&M University  |b Rellis Campus  |c Joint Library Facility  |d Remote Storage  |t 0  |e TX599 .T7  |h Library of Congress classification  |i unmediated -- volume  |k v.89:no.27-52  |l 1967:Jan.-June  |m A14841579112 
952 f f |p ric  |a Texas A&M University  |b Rellis Campus  |c Joint Library Facility  |d Remote Storage  |t 0  |e TX599 .T7  |h Library of Congress classification  |i unmediated -- volume  |k v.72:no.1-26  |l 1957:July-1950:Jan.  |m A14841579447 
952 f f |p ric  |a Texas A&M University  |b Rellis Campus  |c Joint Library Facility  |d Remote Storage  |t 0  |e TX599 .T7  |h Library of Congress classification  |i unmediated -- volume  |k v.80:no.27-52  |l 1958:Jan.-July  |m A14841577819 
952 f f |p ric  |a Texas A&M University  |b Rellis Campus  |c Joint Library Facility  |d Remote Storage  |t 0  |e TX599 .T7  |h Library of Congress classification  |i unmediated -- volume  |k v.63:no.22-34  |l 1940:Dec.-1941:Mar.  |m A14841577568 
952 f f |p ric  |a Texas A&M University  |b Rellis Campus  |c Joint Library Facility  |d Remote Storage  |t 0  |e TX599 .T7  |h Library of Congress classification  |i unmediated -- volume  |k v.61:no.34-52  |l 1939:Mar.-July  |m A14841577720 
952 f f |p ric  |a Texas A&M University  |b Rellis Campus  |c Joint Library Facility  |d Remote Storage  |t 0  |e TX599 .T7  |h Library of Congress classification  |i unmediated -- volume  |k v.75:no.27-52  |l 1953:Jan.-July  |m A14841579201 
952 f f |p ric  |a Texas A&M University  |b Rellis Campus  |c Joint Library Facility  |d Remote Storage  |t 0  |e TX599 .T7  |h Library of Congress classification  |i unmediated -- volume  |k v.72:no.27-52  |l 1950:Jan.-July  |m A14841577704 
952 f f |p ric  |a Texas A&M University  |b Rellis Campus  |c Joint Library Facility  |d Remote Storage  |t 0  |e TX599 .T7  |h Library of Congress classification  |i unmediated -- volume  |k v.81:no.27-52  |l 1959:Jan.-July  |m A14841577738 
952 f f |p ric  |a Texas A&M University  |b Rellis Campus  |c Joint Library Facility  |d Remote Storage  |t 0  |e TX599 .T7  |h Library of Congress classification  |i unmediated -- volume  |k v.70:no.1-26  |l 1947:July-1948:Jan.  |m A14841579609 
952 f f |p ric  |a Texas A&M University  |b Rellis Campus  |c Joint Library Facility  |d Remote Storage  |t 0  |e TX599 .T7  |h Library of Congress classification  |i unmediated -- volume  |k v.64:no.1-21  |l 1941:Aug.-Dec.  |m A14841577487 
952 f f |p ric  |a Texas A&M University  |b Rellis Campus  |c Joint Library Facility  |d Remote Storage  |t 0  |e TX599 .T7  |h Library of Congress classification  |i unmediated -- volume  |k v.62:no.21-33  |l 1939:Dec.-1940:Mar.  |m A14841577681 
952 f f |p ric  |a Texas A&M University  |b Rellis Campus  |c Joint Library Facility  |d Remote Storage  |t 0  |e TX599 .T7  |h Library of Congress classification  |i unmediated -- volume  |k v.64:no.22-34  |l 1941:Dec.-1942:Mar.  |m A14841577445 
952 f f |p ric  |a Texas A&M University  |b Rellis Campus  |c Joint Library Facility  |d Remote Storage  |t 0  |e TX599 .T7  |h Library of Congress classification  |i unmediated -- volume  |k v.58:no.34-52  |l 1936:Mar.-Aug.  |m A14834254337 
952 f f |p ric  |a Texas A&M University  |b Rellis Campus  |c Joint Library Facility  |d Remote Storage  |t 0  |e TX599 .T7  |h Library of Congress classification  |i unmediated -- volume  |k v.53:no.20-32  |l 1930:Dec.-1931:Mar.  |m A14834254230 
952 f f |p ric  |a Texas A&M University  |b Rellis Campus  |c Joint Library Facility  |d Remote Storage  |t 0  |e TX599 .T7  |h Library of Congress classification  |i unmediated -- volume  |k v.58:no.-1-20  |l 1935:Aug.-Dec.  |m A14834254418 
952 f f |p ric  |a Texas A&M University  |b Rellis Campus  |c Joint Library Facility  |d Remote Storage  |t 0  |e TX599 .T7  |h Library of Congress classification  |i unmediated -- volume  |k v.82:no.27-52  |l 1960:Jan.-July  |m A14841577657 
952 f f |p ric  |a Texas A&M University  |b Rellis Campus  |c Joint Library Facility  |d Remote Storage  |t 0  |e TX599 .T7  |h Library of Congress classification  |i unmediated -- volume  |k v.78:no.1-26  |l 1955:July--1956:Jan.  |m A14841578019 
952 f f |p ric  |a Texas A&M University  |b Rellis Campus  |c Joint Library Facility  |d Remote Storage  |t 0  |e TX599 .T7  |h Library of Congress classification  |i unmediated -- volume  |k v.91:no.27-52  |l 1969:Jan.-July  |m A14841579277 
952 f f |p ric  |a Texas A&M University  |b Rellis Campus  |c Joint Library Facility  |d Remote Storage  |t 0  |e TX599 .T7  |h Library of Congress classification  |i unmediated -- volume  |k v.84  |l 1961:July-1962:July  |m A14841577534 
952 f f |p ric  |a Texas A&M University  |b Rellis Campus  |c Joint Library Facility  |d Remote Storage  |t 0  |e TX599 .T7  |h Library of Congress classification  |i unmediated -- volume  |k v.60:no.1-20  |l 1937:Aug.-Dec.  |m A14841577966 
952 f f |p ric  |a Texas A&M University  |b Rellis Campus  |c Joint Library Facility  |d Remote Storage  |t 0  |e TX599 .T7  |h Library of Congress classification  |i unmediated -- volume  |k v.65:no.27-52  |l 1943:Feb.-July  |m A14841578069 
952 f f |p ric  |a Texas A&M University  |b Rellis Campus  |c Joint Library Facility  |d Remote Storage  |t 0  |e TX599 .T7  |h Library of Congress classification  |i unmediated -- volume  |k v.89:no.1-26  |l 1966:July-Dec.  |m A14841579073 
952 f f |p ric  |a Texas A&M University  |b Rellis Campus  |c Joint Library Facility  |d Remote Storage  |t 0  |e TX599 .T7  |h Library of Congress classification  |i unmediated -- volume  |k v.54:no.20-32  |l 1931:Dec.-1932:Mar.  |m A14834254117 
952 f f |p ric  |a Texas A&M University  |b Rellis Campus  |c Joint Library Facility  |d Remote Storage  |t 0  |e TX599 .T7  |h Library of Congress classification  |i unmediated -- volume  |k v.93:no.1-26  |l 1970:July-1971:Jan.  |m A14841579390 
952 f f |p ric  |a Texas A&M University  |b Rellis Campus  |c Joint Library Facility  |d Remote Storage  |t 0  |e TX599 .T7  |h Library of Congress classification  |i unmediated -- volume  |k v.62:no.34-52  |l 1940:Mar.-Aug.  |m A14841577649 
952 f f |p ric  |a Texas A&M University  |b Rellis Campus  |c Joint Library Facility  |d Remote Storage  |t 0  |e TX599 .T7  |h Library of Congress classification  |i unmediated -- volume  |k v.65:no.1-26  |l 1942:Aug.-1943:Jan  |m A14841578108 
952 f f |p ric  |a Texas A&M University  |b Rellis Campus  |c Joint Library Facility  |d Remote Storage  |t 0  |e TX599 .T7  |h Library of Congress classification  |i unmediated -- volume  |k v.92:no.27-52  |l 1970:Jan.-July  |m A14841579358 
952 f f |p ric  |a Texas A&M University  |b Rellis Campus  |c Joint Library Facility  |d Remote Storage  |t 0  |e TX599 .T7  |h Library of Congress classification  |i unmediated -- volume  |k v.80:no.1-26  |l 1957:July-1958:Jan.  |m A14841577851 
952 f f |p ric  |a Texas A&M University  |b Rellis Campus  |c Joint Library Facility  |d Remote Storage  |t 0  |e TX599 .T7  |h Library of Congress classification  |i unmediated -- volume  |k v.87  |l 1964/1965  |m A14841577411 
952 f f |p ric  |a Texas A&M University  |b Rellis Campus  |c Joint Library Facility  |d Remote Storage  |t 0  |e TX599 .T7  |h Library of Congress classification  |i unmediated -- volume  |k v.66:no.27-52  |l 1944:Jan.-July  |m A14841577584 
998 f f |a TX599 .T7  |s v.56 (1933/1934)-v.93 (1970/1971)  |t 0  |l Remote Storage